1357 1256 1464 1308 1688 1904 1787 1677 1191 1682 1478 1277 1255 1820 1194 1956 1866 1756 1646 1565 1806 1113 1153 1003 1575 1651 1339 1800 1797 1413 1969 1542 1581 1164 1361 1562 1196 1759 1464 1694 1448 1092 1272 1381 1512 1059 1163 1314 1900 1972 1207 1428 1208 1754 1949 1713 1793 1183 1697 1134 1359 1689 1797 1267 1482 1959 1773 1093 1573 1655 1295 1918 1171 1153 1665 1076 1482 1546 1769 1976 1052 1940 1319 1807 1880 1414 1828 1262 1432 1868 1703 1121 1710 1463 1481 1730 1371 1359 1702 BCNSPRNW ULIB Ver.6.0+V

เปลี่ยนเป็นภาษาไทย

Change to English
 แสดงรายละเอียดบรรณานุกรม
  กลับหน้าหลัก

Brief Record : Get Marc (ISO 2709) : E-mail record : QR code < ปิดหน้าต่าง
LEADER : 00000nam 2200000uu 4500
001    13399126619
003     ULIB
008    190124s2561||||th 000 0 tha d
020    ^a9786169129844
060  0 ^aWT100^bว837ป
100 0  ^aวีรศักดิ์ เมืองไพศาล, บรรณาธิการ
245 00 ^aประเด็นท้าทายและทางแก้สำหรับการสูงวัยอย่างมีสุขภาพดี =^bChallenges and Solutions for Healthy Aging /^cวีรศักดิ์ เมืองไพศาล, บรรณาธิการ
250    ^aพิมพ์ครั้งที่ 1 ( ราคา 400 บาท )
260    ^aกรุงเทพฯ:^bสมาคมพฤฒาวิทยาและเวชศาสตร์ผู้สูงอายุไทย,^c2561
300    ^a272 หน้า :^bภาพประกอบ ; ตาราง ;^c26 ซม.
505 0  ^a1. การเพิ่มศักยภาพการทำงานในผู้สูงวัย
505 0  ^a2. การออกกำลังกายที่เหมาะสมสำหรับผู้สูงอายุ
505 0  ^a3. หัวใจและหลอดเลือดในผู้สูงอายุ
505 0  ^a4. เมลาโทนินชะลอความชราและป้องกันสมองเสื่อม
505 0  ^a5. การเปลี่ยนแปลงของการรู้คิดในผู้สูงอายุ
505 0  ^a6. การป้องกันภาวะสมองเสื่อม
505 0  ^a7. กระดูกแข็งแรงเมื่อสูงวัย : โรคกระดูกพรุน
505 0  ^a8. ทำอย่างไรให้ข้อแข็งแรงในผู้สูงวัย
505 0  ^a9. หลักการใช้ยาในผู้สูงอายุ
505 0  ^a10. นโยบายที่สำคัญสำหรับผู้สูงอายุที่มีภาวะพึ่งพิง
505 0  ^a11. การดูแลแบบประคับประคองให้ประสบความสำเร็จ
650  7 ^aผู้สูงอายุ
650  7 ^aผู้สูงอายุ--สุขภาพและอนามัย
945    ^p400^l0^i004920
945    ^p400^l0^i004919
945    ^p400^l0^i004918
945    ^p400^l0^i004916
945    ^p400^l0^i004917
945    ^p400^l0^i004921
999    ^aประนอม เกษจรัล
รายการนี้ยังไม่มีแท็ก
คุณยังไม่ได้ล็อกอิน คุณสามารถมีกิจกรรมร่วมกับเว็บไซต์ได้ แต่ต้องล็อกอินก่อน ::
  ล็อกอิน

รายการสื่อสารสนเทศ

ลำดับที่ ประเภท เลขเรียก/บาร์โค้ด สถานที่ สถานะ
1. วิทยาศาสตร์การแพทย์ และสุขภาพ
หนังสือสำรอง
สถานะ=หนังสือสำรอง
WT100 ว837ป ฉ.1 
  Barcode: 004916
ห้องสมุดวิทยาเขตสวรรค์ประชารักษ์
►หนังสือทั่วไป
ถูกยืม กำหนดส่งวันที่ 13 สิงหาคม 2566
  จอง
2. วิทยาศาสตร์การแพทย์ และสุขภาพ
วิทยาศาสตร์การแพทย์ และสุขภาพ
WT100 ว837ป ฉ.2 
  Barcode: 004917
ห้องสมุดวิทยาเขตสวรรค์ประชารักษ์
►หนังสือทั่วไป
บนชั้น
3. วิทยาศาสตร์การแพทย์ และสุขภาพ
วิทยาศาสตร์การแพทย์ และสุขภาพ
WT100 ว837ป ฉ.3 
  Barcode: 004918
ห้องสมุดวิทยาเขตสวรรค์ประชารักษ์
►หนังสือทั่วไป
บนชั้น
4. วิทยาศาสตร์การแพทย์ และสุขภาพ
วิทยาศาสตร์การแพทย์ และสุขภาพ
WT100 ว837ป ฉ.4 
  Barcode: 004919
ห้องสมุดวิทยาเขตสวรรค์ประชารักษ์
►หนังสือทั่วไป
บนชั้น
5. วิทยาศาสตร์การแพทย์ และสุขภาพ
วิทยาศาสตร์การแพทย์ และสุขภาพ
WT100 ว837ป ฉ.5 
  Barcode: 004920
ห้องสมุดวิทยาเขตสวรรค์ประชารักษ์
►หนังสือทั่วไป
บนชั้น
6. วิทยาศาสตร์การแพทย์ และสุขภาพ
วิทยาศาสตร์การแพทย์ และสุขภาพ
WT100 ว837ป ฉ.6 
  Barcode: 004921
ห้องสมุดวิทยาเขตสวรรค์ประชารักษ์
►หนังสือทั่วไป
บนชั้น

รายการใกล้เคียง
    ผู้แต่ง [วีรศักดิ์ เมืองไพศาล, บรรณาธิการ]

    หัวเรื่อง [ผู้สูงอายุ]
    หัวเรื่อง [ผู้สูงอายุ--สุขภาพและอนามัย]

BibComment


ยังไม่เคยถูกคอมเมนท์

คอมเมนท์ทรัพยากรรายการนี้
  คอมเมนท์: ประเด็นท้าทายและ..


 Copyright 2026. Bcnsprnw @Library